000 00314nam a2200157Ia 4500
100 _aChandra sekar/ V
650 _aCommunication systems
942 _cBK
366 _f25
245 _aCommunication Systems
260 _bOxford
_c2012
082 _bCHA
300 _a923
546 _aENGLISH
999 _c33616
_d33616